000 01310nam0a2200313 4500
001 RU\NLR\bibl\812665
005 20260405144837.0
021 _aRU
_b2005-10670
_9550
035 _a(NLR Aleph) 000801720
090 _a1185471
_c1185471
100 _a20050623d2005 |||y0rusy50 ca
101 0 _arus
102 _aRU
105 _ay |||||||||
106 _as
200 1 _aФакторный анализ склонности подростков к употреблению наркотиков
_fВласова Н.В.
_gМеждунар. акад. акмеол. наук, Моск. открытый социал. ун-т
210 _aМосква
_cМААН
_cМОСУ
_d2005
215 _a27 с.
_d21
320 _aБиблиогр.: с. 23-27 (76 назв.)
606 1 _aНаркомания подростков
_jУчебно-методические пособия
_xПсихологические исследования
_92229933
_3RU\NLR\auth\661338467
686 _aЮ967я7
686 _aЮ983.402.2я7
700 1 _4070
_7ca
_8rus
_aВласова
_bН. В.
_cканд. психол. наук
_gНаталия Викторовна
_943303
_3RU\NLR\auth\7760372
801 0 _aRU
_bNLR
_c20050623
_grcr
801 1 _aRU
_bNLR
_c20050623
942 _cBOOK
980 _aNB